|
|
|
|
| LEADER |
00000cam a2200000 7i4500 |
| 001 |
0000061821 |
| 005 |
20090706093000.0 |
| 008 |
090401s2008 si eng |
| 020 |
|
|
|a 9789812456908
|
| 090 |
0 |
0 |
|a NC795
|b .L363 2008
|
| 245 |
0 |
4 |
|a The landscape artist's drawing bible
|c edited by Hazel Harrison
|
| 260 |
|
|
|a Singapore :
|b Page One Pulishing ,
|c c2008
|
| 300 |
|
|
|a 192 p. :
|b ill. ;
|c 20 cm.
|
| 500 |
|
|
|a "Essential drawing and sketching techniques to improve your skills" -- tp
|
| 504 |
|
|
|a Includes bibliographical references and index
|
| 505 |
0 |
|
|a 1. Media and marks -- 2. Techniques and tutorials -- 3. Gallery -- 4. Photo directory
|
| 650 |
|
0 |
|a Landscape drawing
|x Technique
|
| 700 |
1 |
|
|a Harrison, Hazel ,
|e author
|
| 999 |
|
|
|a 1000123479
|b Book
|c OPEN SHELF (30 DAYS)
|e Gong Badak Campus
|